00609nam a22001697a 450000500170000000800410001702000190005804100080007708000180008510000240010324500800012726400370020730000180024465300610026265300300032365300860035320210618134828.0210618s2016 enk||||| |||| 00| 0 eng d a 9783896420329 aeng a368.432 Th-43 aTheiß-Klee, Heidi  aKnack den Code :bund lerne die Brailleschrift kennen /cHeidi Theiß-Klee. aMarburg :bBlista campus,c2016. a32 p.b21 cm. aბრაილის შრიფტით წერა aШрифт Брайля a უსინათლოთა წერა-კითხვისათვის